000
00217nam a22000977a 4500
020
_a
9781338572230
100
_a
Hashimoto, Meika,
245
_a
Bound for Home
260
_a
New York
_b
Scholastic
_c
2020.
942
_c
BK
999
_c
265934
_d
265933